Sets, functions and numbers

Tallennettuna:
Bibliografiset tiedot
Päätekijä: Luthar, I. S.
Aineistotyyppi: Kirja
Kieli:Undetermined
Julkaistu: Oxford, UK Alpha Science International Ltd. 2005
Aiheet:
Tagit: Lisää tagi
Ei tageja, Lisää ensimmäinen tagi!
Thư viện lưu trữ: Trung tâm Học liệu Trường Đại học Cần Thơ
LEADER 00511nam a2200193Ia 4500
001 CTU_128905
008 210402s9999 xx 000 0 und d
020 |c 925000 
082 |a 510 
082 |b L973 
100 |a Luthar, I. S. 
245 0 |a Sets, functions and numbers 
245 0 |c I. S. Luthar 
260 |a Oxford, UK 
260 |b Alpha Science International Ltd. 
260 |c 2005 
650 |a Mathematics,Toán học 
904 |i Minh 
980 |a Trung tâm Học liệu Trường Đại học Cần Thơ